| 000 | 00880nam a2200301Ia 4500 | ||
|---|---|---|---|
| 003 | OSt | ||
| 005 | 20220912151015.0 | ||
| 006 | a|||||r|||| 00| 0 | ||
| 007 | ta | ||
| 008 | 220909b |||||||| |||| 00| 0 eng d | ||
| 020 | _a052145512X (hbd) | ||
| 024 | _a5495 | ||
| 037 | _bSelectbook, | ||
| 037 | _cTextual | ||
| 040 |
_aCSL _beng _cCSL |
||
| 041 | _aeng | ||
| 082 | _aB281, N7 | ||
| 100 | _aSachkov Vladimir N | ||
| 245 | 0 | _aProbabilistic methods in combinatorial analysis | |
| 260 |
_aCambridge _bCambridge University Press _c1997 |
||
| 300 |
_ax,246p. _ccm. |
||
| 490 | _aEncyclopedia of mathematics and its applications; 56 | ||
| 500 | _aBibliographical references 237-243p; Index 244-246p | ||
| 650 | _a Probability | ||
| 650 | _aStatistics | ||
| 942 |
_hB281, N7 _cTEXL _2CC |
||
| 999 |
_c59246 _d59246 |
||